Los medios de comunicación social / (Record no. 101583)

MARC details
000 -LEADER
campo de control de longitud fija 00729nam a2200205 i 4500
001 - NÚMERO DE CONTROL
campo de control 101583
003 - IDENTIFICADOR DE NÚMERO DE CONTROL
campo de control ES-MaACL
005 - FECHA Y HORA DE LA ÚLTIMA TRANSACCIÓN
campo de control 20250825075233.0
007 - CAMPO FIJO DE DESCRIPCIÓN FÍSICA--INFORMACIÓN GENERAL
campo de control de longitud fija t|
008 - DATOS DE LONGITUD FIJA--INFORMACIÓN GENERAL
campo de control de longitud fija 051020s1969 mx ||||1| spa d
245 04 - MENCIÓN DEL TÍTULO
Título Los medios de comunicación social /
Mención de responsabilidad, etc. recopilación, introducción y comentarios especiales de Charles S. Steinberg ; [traducción de Luz María Trejo de Hernández].
260 ## - PUBLICACIÓN, DISTRIBUCIÓN, ETC.
Lugar de publicación, distribución, etc. México, D.F. :
Nombre del editor, distribuidor, etc. Roble,
Fecha de publicación, distribución, etc. 1969.
300 ## - DESCRIPCIÓN FÍSICA
Extensión XV, 583 p. ;
Dimensiones 23 cm.
650 #7 - PUNTO DE ACCESO ADICIONAL DE MATERIA--TÉRMINO DE MATERIA
Término de materia o nombre geográfico como elemento de entrada Medios de comunicación social
Fuente del encabezamiento o término embne
9 (RLIN) 14961
700 1# - ENTRADA AGREGADA--NOMBRE PERSONAL
Nombre de persona Steinberg, Charles Side.
9 (RLIN) 108046
700 1# - ENTRADA AGREGADA--NOMBRE PERSONAL
Nombre de persona Trejo de Hernández, Luz María.
9 (RLIN) 111288
852 4# - LOCALIZACIÓN
Ubicación ES-MaACL
Número de control de estantería E-9130
852 4# - LOCALIZACIÓN
Ubicación ES-MaACL
Número de control de estantería E-9226
Holdings
Estatus retirado Estado de pérdida Estado de daño No para préstamo Biblioteca de origen Biblioteca actual Ubicación en estantería Fecha de adquisición Fuente de adquisición Total de préstamos Signatura topográfica completa Código de barras Visto por última vez Precio de reemplazo Tipo de ítem Koha
        Biblioteca del Ateneo de Madrid Biblioteca del Ateneo de Madrid Depósito 2 17/01/2008     E-9130 1106054 23/02/2023 23/02/2023 Libro impreso
        Biblioteca del Ateneo de Madrid Biblioteca del Ateneo de Madrid Depósito 2 17/01/2008     E-9226 1106053 23/02/2023 23/02/2023 Libro impreso